000 00366nam a2200133Ia 4500
008 220204s9999 xx 000 0 und d
020 _a8172333056
082 _a035:027(540)
_bOJH
100 _aKothari, D V
245 0 _aHandbook of libraries and librarians in India
260 _aJodhpur
_bScientific Publishers(India)
_c2003
700 _aOjha, D C
942 _cBK
999 _c42043
_d42043